000 00484nam a2200181 a 4500
001 11550
003 CO-ViMGA
008 141112s2004 ck r 000 u spa d
040 _aCO-ViMGA
_bspa
_cCO-ViMGA
082 0 4 _a843.9 R61d
100 1 _aGrillet, Alain
_916075
245 1 0 _aLa doble muerte del profesor Dupont
260 _aBaarcelona,
_ceditorial Seix Barral,
_c1956
300 _a298 p.
490 _aBiblioteca breve
650 1 4 _aNOVELA FRANCESA
_92629
942 _2ddc
_cBK
999 _c22745
_d22745